000 00661nam a2200205Ia 4500
005 20241129111242.0
008 241129s9999||||xx |||||||||||||| ||und||
037 _aTB
040 _aCRL
_bpun
_cCRL
041 _apun
_2pun
084 _a4,1 153R0
_qCRL
100 _aਵਾਲੀਆ, ਹਰਜਿੰਦਰ, ਥਦ।
245 0 _aਸੰਚਾਰ
_cਵਾਲੀਆ, ਹਰਜਿੰਦਰ, ਥਦ।
260 _aਪਟਿਆਲਾ, ਭਾਰਤ
_bਸਦਾਨ ਧਬਲੀਕੇFਨਗ਼
_c2020
300 _a239ਪ੍ਰ0
365 _aINR
_b550
650 _aMass Communication
_9437314
942 _cTB
_h4,1 153R0
999 _c1229592
_d1229592